Las funciones del estado en un sistema democrático participativo.

Gorde:
Xehetasun bibliografikoak
Egile Nagusiak: Rossi Ansoleaga, Aldo H. (autor), Parada Espinoza, Fernando (Egilea), Marambio Larraín, Waldo (Egilea), Canales Valenzuela, Enrique (Egilea)
Beste egile batzuk: Obando Camino, Iván Mauricio (autor), Bronfman Vargas, Alan Julio (autor)
Formatua: Liburua
Hizkuntza:gaztelania
Argitaratua: Valparaíso, Chile: Universidad Católica de Valparaíso, 1991.
Edizioa:3a. ed
Gaiak:
Etiketak: Etiketa erantsi
Etiketarik gabe, Izan zaitez lehena erregistro honi etiketa jartzen!

MARC

LEADER 00000nam a2200000 a 4500
001 UCP6858
003 CL-VaPUC
005 20250324103335.0
008 991119e19910000CL |||||||||||||||||spa|d
999 |c 284283  |d 284281 
040 |c Pontificia Universidad Católica de Valparaíso 
082 0 4 |a 320.1 ROS 1991  |2 21 
100 |a Rossi Ansoleaga, Aldo H.  |e autor  |9 745394 
245 1 4 |a Las funciones del estado en un sistema democrático participativo. 
250 |a 3a. ed 
260 |a Valparaíso, Chile:  |b Universidad Católica de Valparaíso,  |c 1991. 
300 |a 348 páginas 
500 |a c.2 Donación Eduardo Araya L. Memo His/022. 2023 
583 |a last modification  |c 20130925 07:26:08  |k Rodrigo Vera 
600 0 |a Congreso Nacional de Chile  |2 CL-VaPUC  |9 256491 
650 0 |a Democracia  |9 255256 
650 0 |a Estado  |9 255503 
650 7 |a Parlamento chileno  |2 CL-VaPUC  |9 436191 
650 0 |a Política y gobierno  |9 255151 
650 0 |a Responsabilidad del estado  |9 258115 
700 0 |a Parada Espinoza, Fernando  |e author  |9 436186 
700 |a Obando Camino, Iván Mauricio  |e autor  |9 820754 
700 0 |a Marambio Larraín, Waldo  |e author  |9 436188 
700 |a Bronfman Vargas, Alan Julio  |e autor  |9 814208 
700 0 |a Canales Valenzuela, Enrique  |e author  |9 436190 
942 |c BK  |2 ddc 
945 |d 19991119 00:00:00  |a vberengu 
952 |0 0  |1 0  |4 0  |6 320_100000000000000_ROS_1991  |7 0  |8 A  |9 328153  |a BIBDER  |b BIBDER  |d 2019-11-20  |i 3579093  |o 320.1 ROS 1991  |p 3579093  |r 2023-01-25  |w 2019-11-20  |y BK  |k DER 
952 |0 0  |1 0  |2 ddc  |4 0  |6 320_100000000000000_ROS_1991  |7 0  |8 A  |9 591366  |a BIBHIS  |b BIBHIS  |c GEN  |d 2023-08-25  |e Donación  |i 5658486  |o 320.1 ROS 1991  |p 5658486  |r 2023-08-25  |t 2  |w 2023-08-25  |y BK  |k HIS